000
00234nam a22001097a 4500
041
_a
ENG
245
_a
Krishi Margdrhika Ani Dainadini
260
_a
Akola
_b
Dr,P.D.K.V
_c
2003
300
_a
400
650
_a
GAE (15)
856
_u
GAE (15)
999
_c
2975
_d
2975